| 000 | 01285cam a22003737a 4500 | ||
|---|---|---|---|
| 999 |
_c24136 _d24136 |
||
| 001 | 16124509 | ||
| 003 | OSt | ||
| 005 | 20170128085227.0 | ||
| 008 | 100308s2009 enkab 001 0 eng | ||
| 010 | _a 2010291649 | ||
| 015 |
_aGBA976977 _2bnb |
||
| 016 | 7 |
_a015341924 _2Uk |
|
| 020 | _a9781405341738 (hbk.) | ||
| 020 | _a1405341734 (hbk.) | ||
| 020 | _a9780756659073 | ||
| 020 | _a0756659078 | ||
| 035 | _a(OCoLC)ocn320187578 | ||
| 040 |
_aUKM _cUKM _dBTCTA _dDLC |
||
| 042 | _alccopycat | ||
| 043 | _aa-ii--- | ||
| 050 | 0 | 0 |
_aNA1501 _b.G74 2009 |
| 082 | 0 | 4 |
_a720.954 _222 |
| 245 | 0 | 0 | _aGreat monuments of India. |
| 260 |
_aLondon : _bDorling Kindersley, _c2009. |
||
| 300 |
_a264 p. : _bcol. ill., col. maps ; _c29 cm. |
||
| 650 | 0 |
_aArchitecture _zIndia. |
|
| 650 | 0 |
_aHistoric buildings _zIndia. |
|
| 650 | 0 |
_aHistoric sites _zIndia. |
|
| 650 | 0 |
_aMonuments _zIndia. |
|
| 650 | 0 |
_aCultural property _zIndia. |
|
| 856 | 4 | 2 |
_3Publisher description _uhttp://www.loc.gov/catdir/enhancements/fy1007/2010291649-d.html |
| 906 |
_a7 _bcbc _ccopycat _d2 _encip _f20 _gy-gencatlg |
||
| 942 |
_2lcc _cBOOKS _hNA 1501 .G74 2009 |
||